[Event "11th World University Championship Women"]
[Site "Zuerich"]
[Date "2010.09.08"]
[EventDate "2010.??.??"]
[Round "5.2"]
[Result "1/2-1/2"]
[White "Andjelija Stojanovic"]
[Black "Zuzana Borosova"]
[WhiteElo "2337"]
[BlackElo "2277"]
[PlyCount "38"]

1. Nf3 c5 2. e4 d6 3. d4 cxd4 4. Nxd4 Nf6 5. Nc3 a6 6. Bg5
Nbd7 7. f4 Qc7 8. Qf3 h6 9. Bxf6 Nxf6 10. f5 Qc5 11. O-O-O g5
12. Nb3 Qe5 13. g3 Bg7 14. Nd2 d5 15. exd5 Qxf5 16. Bg2 Qxf3
17. Nxf3 O-O 18. Rhe1 Re8 19. Nd4 Bg4 1/2-1/2

[Event "11th World University Championship Women"]
[Site "Zuerich"]
[Date "2010.09.08"]
[EventDate "2010.??.??"]
[Round "6.3"]
[Result "1/2-1/2"]
[White "Andjelija Stojanovic"]
[Black "Batkhuyag Munguntuul"]
[WhiteElo "2337"]
[BlackElo "2412"]
[PlyCount "128"]

1. e4 c5 2. Nf3 e6 3. c4 a6 4. Nc3 Nc6 5. Be2 Nd4 6. O-O Ne7
7. d3 Nec6 8. Nxd4 cxd4 9. Nb1 Be7 10. f4 O-O 11. Bf3 Rb8
12. Na3 b5 13. Nc2 Bb7 14. b3 f5 15. exf5 Rxf5 16. Be4 Rf7
17. Qg4 bxc4 18. dxc4 Nb4 19. Qe2 Bxe4 20. Nxb4 Bxg2 21. Qxg2
Bxb4 22. Bb2 Bc5 23. Rad1 Qb6 24. Qe4 Qa5 25. Bxd4 Bxd4+
26. Rxd4 Qxa2 27. Rfd1 Rbf8 28. Qe3 Rf6 29. R4d2 Qa5 30. Rg2
Rxf4 31. h3 R4f7 32. c5 Qb5 33. Kh2 g6 34. Rdg1 Qb8+ 35. Kh1
Qb7 36. Kh2 Qf3 37. Qh6 Rg7 38. b4 Rf5 39. Qh4 g5 40. Qd4 Rd5
41. Qg4 Qxg4 42. Rxg4 Rg6 43. Ra1 Rd2+ 44. Kg3 h5 45. Re4 h4+
46. Kg4 Rg2+ 47. Kh5 Kh7 48. Rg4 Rd2 49. Rxa6 Rd5 50. Re4 g4+
51. Kxh4 g3 52. Rg4 g2 53. Ra1 Rd2 54. Kg3 Rb2 55. Rc1 e5
56. b5 Rf6 57. Rg1 Rxb5 58. Rxg2 Rxc5 59. Kh2 d6 60. Rg7+ Kh6
61. R7g4 Kh7 62. Rg7+ Kh6 63. R7g4 Kh7 64. Rg7+ Kh6 1/2-1/2

[Event "11th World University Championship Women"]
[Site "Zuerich"]
[Date "2010.09.10"]
[EventDate "2010.??.??"]
[Round "8.5"]
[Result "0-1"]
[White "Andjelija Stojanovic"]
[Black "Judith Fuchs"]
[WhiteElo "2337"]
[BlackElo "2237"]
[PlyCount "156"]

1. c4 Nf6 2. Nc3 g6 3. g3 Bg7 4. Bg2 O-O 5. e4 d6 6. Nge2 c5
7. O-O Nc6 8. d3 a6 9. h3 Bd7 10. Be3 e5 11. f4 Nd4 12. fxe5
dxe5 13. g4 Ne8 14. Ng3 Nd6 15. Qd2 Be6 16. Rf2 b5 17. b3 Ra7
18. Raf1 Rd7 19. Bh6 f6 20. Bxg7 Kxg7 21. Qe3 h6 22. Nd5 Rdf7
23. Qe1 Kh7 24. Ne3 Kg7 25. h4 Qc8 26. h5 Bxg4 27. hxg6 Kxg6
28. Ngf5 Bxf5 29. exf5+ Kh7 30. Bd5 Rg7+ 31. Kh1 Rg5 32. Rh2
Kg7 33. Qh4 Rh8 34. Be4 N6xf5 35. Nxf5+ Nxf5 36. Rxf5 Rxf5
37. Bxf5 Qxf5 38. Rg2+ Kf7 39. Qg3 Qh5+ 40. Kg1 Qd1+ 41. Kh2
Qh5+ 42. Kg1 Ke6 43. Qg7 Qd1+ 44. Kh2 Qh5+ 45. Kg1 Rd8 46. Rg6
Qd1+ 47. Kg2 Qe2+ 48. Kg1 Qe3+ 49. Kg2 Qe2+ 50. Kg1 Qf3
51. Rxh6 Qe3+ 52. Kg2 Qe2+ 53. Kg1 Qf3 54. Rh7 Qe3+ 55. Kh1
Qc1+ 56. Kh2 Qd2+ 57. Kh1 Qd1+ 58. Kh2 Qe2+ 59. Kg1 Qe3+
60. Kh2 Qe2+ 61. Kg1 Kf5 62. Rh6 Qg4+ 63. Qxg4+ Kxg4 64. Rxf6
Rxd3 65. Rc6 bxc4 66. bxc4 Kf3 67. Rxc5 Rd1+ 68. Kh2 e4
69. Rf5+ Ke2 70. c5 Rc1 71. Kg2 e3 72. Rd5 Rc4 73. Kg3 Rc1
74. a4 Rc2 75. a5 Ke1 76. Kf3 e2 77. Kg2 Rd2 78. Rd6 Kd1 0-1

[Event "Chess Olympiad (Women)"]
[Site "Khanty-Mansiysk RUS"]
[Date "2010.09.24"]
[EventDate "2010.09.21"]
[Round "4"]
[Result "1-0"]
[White "Andjelija Stojanovic"]
[Black "Zhao Xue"]
[WhiteElo "2337"]
[BlackElo "2469"]
[PlyCount "121"]

1. Nf3 Nf6 2. c4 b6 3. g3 Bb7 4. Bg2 e6 5. O-O Be7 6. Nc3 O-O
7. Re1 d5 8. cxd5 exd5 9. d4 Na6 10. a3 c5 11. b3 Nc7 12. Bb2
Ne6 13. e3 a6 14. Ne5 Rc8 15. dxc5 bxc5 16. Qd3 Qd6 17. Na4
Rfd8 18. Rad1 Qc7 19. Qf5 g6 20. Qc2 d4 21. exd4 Bxg2 22. Kxg2
Qb7+ 23. d5 Nxd5 24. f3 Nd4 25. Qc4 Nxb3 26. Ng4 Nd4 27. Bxd4
cxd4 28. Qxd4 Bg5 29. Qe4 Qb3 30. h4 Rc4 31. Qe5 Rc2+ 32. Kh3
Nf4+ 33. Qxf4 Bxf4 34. Rxd8+ Kg7 35. Ree8 f5 36. Re7+ Qf7
37. Rxf7+ Kxf7 38. gxf4 fxg4+ 39. Kxg4 Rg2+ 40. Kh3 Rc2
41. Kg3 Ke6 42. Rd3 a5 43. Nc3 h6 44. Ne4 Rc6 45. Rc3 Rb6
46. Rc5 Ra6 47. a4 Ra8 48. Re5+ Kf7 49. Nd6+ Kf6 50. Nc4 Rc8
51. Nxa5 Rc1 52. Nb3 Rg1+ 53. Kf2 Rh1 54. a5 Rb1 55. Nc5 Ra1
56. Ne4+ Kf7 57. f5 gxf5 58. Rxf5+ Kg7 59. Ke3 Rh1 60. h5 Ra1
61. Kf4 1-0

[Event "Chess Olympiad (Women)"]
[Site "Khanty-Mansiysk RUS"]
[Date "2010.09.25"]
[EventDate "2010.09.21"]
[Round "5"]
[Result "0-1"]
[White "Dewi Ardhiani Anastasia Citra"]
[Black "Andjelija Stojanovic"]
[WhiteElo "1987"]
[BlackElo "2337"]
[PlyCount "76"]

1. e4 c5 2. Nf3 Nc6 3. Bb5 d6 4. O-O Bd7 5. Re1 Nf6 6. c3 a6
7. Bf1 Bg4 8. d3 e6 9. Nbd2 Be7 10. h3 Bh5 11. Be2 h6 12. Nf1
O-O 13. N3h2 Bg6 14. f4 d5 15. e5 Nd7 16. Bf3 b5 17. Ne3 Qb6
18. Bxd5 exd5 19. f5 Ndxe5 20. Nxd5 Qd8 21. Nxe7+ Nxe7
22. fxg6 Nxd3 23. Rxe7 Qxe7 24. Qxd3 Rad8 25. Qf1 fxg6 26. Nf3
Qe4 27. b3 Qc2 28. Be3 Qxc3 29. Qc1 Rd3 30. Qxc3 Rxc3 31. Bf2
Re8 32. Ne1 Rd8 33. Kf1 Rd2 34. h4 g5 35. hxg5 hxg5 36. b4
cxb4 37. Nf3 Rdc2 38. Re1 Rc1 0-1

[Event "Chess Olympiad (Women)"]
[Site "Khanty-Mansiysk RUS"]
[Date "2010.09.27"]
[EventDate "2010.09.21"]
[Round "6"]
[Result "1/2-1/2"]
[White "Adriana Nikolova"]
[Black "Andjelija Stojanovic"]
[WhiteElo "2295"]
[BlackElo "2337"]
[PlyCount "110"]

1. e4 c5 2. Nf3 Nc6 3. d4 cxd4 4. Nxd4 e5 5. Nb5 d6 6. c4 Be7
7. N1c3 a6 8. Na3 Be6 9. Nc2 Nf6 10. Bd3 Rc8 11. Nd5 O-O
12. O-O Ne8 13. Nxe7+ Qxe7 14. Ne3 g6 15. Nd5 Qh4 16. Be3 f5
17. f4 Ng7 18. exf5 Nxf5 19. Bf2 Qd8 20. Qb1 Kg7 21. Qe1 Qe8
22. Rc1 Nfd4 23. fxe5 dxe5 24. Bxd4 Rxf1+ 25. Qxf1 Bxd5
26. Be3 Be6 27. Qe1 Qe7 28. Qg3 Rf8 29. b3 Bf5 30. Bxf5 Rxf5
31. Rd1 Qf7 32. Qh4 h5 33. Qg3 Nd4 34. Bxd4 exd4 35. Qd6 Rf4
36. h3 Qf6 37. Qd7+ Kh6 38. Qxb7 Qe5 39. Qd5 Qe3+ 40. Kh2 h4
41. c5 Qg3+ 42. Kh1 Rf2 43. c6 d3 44. c7 Re2 45. Qf3 Re1+
46. Rxe1 Qxe1+ 47. Kh2 Qe5+ 48. Kg1 Qe1+ 49. Qf1 d2 50. c8=Q
Qxf1+ 51. Kxf1 d1=Q+ 52. Kf2 Qd2+ 53. Kf3 Qd3+ 54. Kf2 Qd2+
55. Kf3 Qd3+ 1/2-1/2

[Event "Chess Olympiad (Women)"]
[Site "Khanty-Mansiysk RUS"]
[Date "2010.09.28"]
[EventDate "2010.09.21"]
[Round "7"]
[Result "1-0"]
[White "Andjelija Stojanovic"]
[Black "Tatjana Lematschko"]
[WhiteElo "2337"]
[BlackElo "2194"]
[PlyCount "59"]

1. Nf3 e6 2. g3 d5 3. Bg2 c5 4. O-O Nc6 5. d4 Nf6 6. c4 dxc4
7. Qa4 Bd7 8. Qxc4 Na5 9. Qd3 Qb6 10. Nc3 Bc6 11. Bg5 Qxb2
12. Bxf6 c4 13. Qe3 gxf6 14. d5 Bd7 15. dxe6 fxe6 16. Nd5 Kf7
17. Bh3 Bd6 18. Rab1 Qa3 19. Qh6 exd5 20. Bxd7 Rad8 21. Bg4
Bf8 22. Qh5+ Ke7 23. Nd4 Re8 24. Qxd5 Bg7 25. Qd7+ Kf8
26. Ne6+ Rxe6 27. Bxe6 Qe7 28. Qc8+ Qe8 29. Qc5+ Qe7 30. Qxa5
1-0

[Event "Chess Olympiad (Women)"]
[Site "Khanty-Mansiysk RUS"]
[Date "2010.09.29"]
[EventDate "2010.09.21"]
[Round "8"]
[Result "1/2-1/2"]
[White "Andjelija Stojanovic"]
[Black "Sopiko Khukhashvili"]
[WhiteElo "2337"]
[BlackElo "2422"]
[PlyCount "71"]

1. Nf3 Nf6 2. c4 e6 3. g3 a6 4. Bg2 b5 5. b3 c5 6. O-O Qb6
7. Nc3 Be7 8. e4 d6 9. d4 O-O 10. e5 dxe5 11. dxe5 Nfd7
12. Bg5 Nc6 13. Bxe7 Nxe7 14. Ng5 Rb8 15. Qh5 h6 16. Nge4 Bb7
17. Rad1 Qc7 18. cxb5 Bxe4 19. Nxe4 axb5 20. Nd6 c4 21. bxc4
bxc4 22. Nxc4 Qxc4 23. Rxd7 Ng6 24. Rd2 Qc5 25. Re1 Rb5
26. Qg4 Ra5 27. h4 Nxe5 28. Qd4 Qxd4 29. Rxd4 Ng6 30. a4 Ne7
31. Be4 Nd5 32. Bxd5 exd5 33. Re7 Rfa8 34. Rd7 Rxa4 35. Rxa4
Rxa4 36. Rxd5 1/2-1/2

[Event "Chess Olympiad (Women)"]
[Site "Khanty-Mansiysk RUS"]
[Date "2010.09.30"]
[EventDate "2010.09.21"]
[Round "9"]
[Result "0-1"]
[White "Alexandra Kosteniuk"]
[Black "Andjelija Stojanovic"]
[WhiteElo "2524"]
[BlackElo "2337"]
[PlyCount "84"]

1. e4 d6 2. d4 Nf6 3. Nd2 e5 4. c3 g6 5. Ngf3 exd4 6. cxd4 Bg7
7. Bd3 O-O 8. O-O c5 9. d5 Na6 10. a4 Nb4 11. Bb1 b6 12. Nc4
Ba6 13. Nfd2 Nd7 14. f4 Qf6 15. Rf2 Qe7 16. Kh1 Bd4 17. Rf3 f5
18. Na3 Nf6 19. exf5 Be2 20. Qe1 Rae8 21. Rg3 Ng4 22. Ne4 Qxe4
23. Bxe4 Nf2+ 24. Kg1 Nh3+ 25. Kh1 Nf2+ 26. Kg1 Nfd3+ 27. Be3
Nxe1 28. Rxe1 Rxe4 29. Rxe2 Nxd5 30. Nc2 Rfe8 31. fxg6 Bxe3+
32. Nxe3 Rxe3 33. gxh7+ Kxh7 34. Rd2 Nxf4 35. Kf2 R3e6 36. Rg4
Ng6 37. g3 Rf8+ 38. Kg2 Rf5 39. h4 d5 40. a5 d4 41. axb6 axb6
42. Kh3 Re3 0-1

[Event "27th Cappelle-la-Grande"]
[Site "Cappelle la Grande FRA"]
[Date "2011.02.26"]
[EventDate "2011.02.26"]
[Round "1.37"]
[Result "1/2-1/2"]
[White "Andjelija Stojanovic"]
[Black "Matthieu Cornette"]
[WhiteElo "2318"]
[BlackElo "2544"]
[PlyCount "125"]

1. Nf3 Nf6 2. c4 g6 3. g3 Bg7 4. Bg2 O-O 5. O-O d5 6. cxd5
Nxd5 7. Nc3 Nc6 8. Nxd5 Qxd5 9. d3 Qb5 10. Rb1 a5 11. Be3 a4
12. Nd2 Nb4 13. Qc1 Be6 14. Qc5 Ra5 15. Qxc7 Nd5 16. Bxd5 Qxd5
17. Nc4 Bh3 18. f3 Bxf1 19. Qxa5 Qxa5 20. Nxa5 Bxe2 21. Nxb7
Bxd3 22. Rd1 Be2 23. Rd7 Bxf3 24. Nc5 Bxb2 25. Nxa4 Bc6
26. Ra7 Bf6 27. Nb6 Rd8 28. Rc7 Be4 29. Nd7 Bg7 30. Nc5 Bd5
31. Rxe7 Bxa2 32. Rd7 Re8 33. Kf2 h6 34. Ra7 Bd5 35. Rd7 Bc6
36. Rc7 Bh1 37. Rd7 Ra8 38. Rd2 Bc6 39. Nb3 Ra3 40. Nd4 Be4
41. Nb5 Rb3 42. Nd6 Bc6 43. Nc4 Rc3 44. Nb6 Kh7 45. Nd5 Rb3
46. Bd4 Bxd4+ 47. Rxd4 Rb2+ 48. Kg1 Kg7 49. h4 Re2 50. Nf4 Re3
51. Rd3 Rxd3 52. Nxd3 Kf6 53. Kf2 Kf5 54. Nf4 Kg4 55. Nd3 Bd5
56. Ne5+ Kh3 57. Nd7 f5 58. Ne5 g5 59. hxg5 hxg5 60. Nd3 Be4
61. Ne5 Kh2 62. Nc4 g4 63. Ne5 1/2-1/2

[Event "27th Cappelle-la-Grande"]
[Site "Cappelle la Grande FRA"]
[Date "2011.02.28"]
[EventDate "2011.02.26"]
[Round "4.77"]
[Result "1-0"]
[White "Zaheeruddeen Asefi"]
[Black "Andjelija Stojanovic"]
[WhiteElo "2078"]
[BlackElo "2318"]
[PlyCount "81"]

1. d4 d5 2. c4 c6 3. Nc3 dxc4 4. e3 b5 5. a4 b4 6. Nb1 a5
7. Bxc4 Nf6 8. Ne2 e6 9. O-O Be7 10. Nd2 Ba6 11. Ba2 c5
12. Nc4 Nc6 13. dxc5 Bxc5 14. Qc2 Qe7 15. Ng3 Rc8 16. Ne4 Nxe4
17. Qxe4 O-O 18. Bb1 f5 19. Qc2 Ba7 20. b3 Ne5 21. Ba2 Nxc4
22. bxc4 Bb7 23. Bb2 Qg5 24. f3 Bxe3+ 25. Kh1 Rc5 26. Rad1 Bc6
27. Qd3 f4 28. Qd6 Qh6 29. Be5 Bxa4 30. Rd3 Rc6 31. Qe7 Bc5
32. Qb7 Qg5 33. Re1 Rb6 34. Qc7 Rc6 35. Qxa5 Bc2 36. Rd7 Rf7
37. Qa8+ Bf8 38. Qxc6 Qh4 39. Rf1 Rf5 40. Qxe6+ Kh8 41. c5 1-0

[Event "WGM tournament"]
[Site "Pancevo"]
[Date "2011.09.17"]
[EventDate "?"]
[Round "9.2"]
[Result "1/2-1/2"]
[White "Sandra Djukic"]
[Black "Andjelija Stojanovic"]
[WhiteElo "2212"]
[BlackElo "2300"]
[PlyCount "30"]

1. Nf3 Nf6 2. g3 b6 3. Bg2 Bb7 4. O-O e6 5. c4 c5 6. Nc3 Be7
7. d3 d6 8. h3 O-O 9. e4 Nbd7 10. Be3 a6 11. a4 Qc7 12. Nh2
Rfe8 13. Qd2 Nf8 14. Rae1 Rad8 15. f4 d5 1/2-1/2

[Event "European Team Championship (Women)"]
[Site "Porto Carras GRE"]
[Date "2011.11.11"]
[EventDate "2011.11.03"]
[Round "9.7.3"]
[Result "0-1"]
[White "Ana Srebrnic"]
[Black "Andjelija Stojanovic"]
[WhiteElo "2219"]
[BlackElo "2280"]
[PlyCount "112"]

1. Nf3 d5 2. d4 Bf5 3. c4 e6 4. Nc3 Nc6 5. Bf4 Bd6 6. Bxd6
Qxd6 7. Qa4 Ne7 8. e3 O-O 9. Be2 dxc4 10. Qxc4 Nd5 11. O-O a6
12. Nxd5 exd5 13. Qc3 Ne7 14. Rac1 c6 15. Qc5 Qf6 16. Ne5 Ng6
17. Nxg6 Qxg6 18. Bf3 Rae8 19. Rc3 Re6 20. Kh1 Qg5 21. g3 Bh3
22. Rfc1 Qf5 23. Bg2 Rh6 24. Qe7 Qxf2 25. Rg1 Bxg2+ 26. Rxg2
Qf1+ 27. Rg1 Qf3+ 28. Rg2 Re6 29. Qxb7 Qf1+ 30. Rg1 Qf3+
31. Rg2 Rxe3 32. Rxe3 Qxe3 33. Qxc6 Qe1+ 34. Rg1 Qe4+ 35. Rg2
Qb1+ 36. Rg1 Qxa2 37. Rf1 Qb3 38. Rf2 Qd1+ 39. Kg2 Qxd4
40. Qxa6 Qe4+ 41. Kg1 Re8 42. Qb7 Qe6 43. b4 h5 44. h4 Rc8
45. Kh2 d4 46. Qf3 g6 47. b5 Rc3 48. Qa8+ Kg7 49. Qa7 Qd5
50. Rd2 Rc4 51. Qa1 Qxb5 52. Rxd4 Qe5 53. Rd1 Rxh4+ 54. Kg2
Qxa1 55. Rxa1 Rb4 56. Ra6 g5 0-1

[Event "28th Cappelle-la-Grande"]
[Site "Cappelle la Grande FRA"]
[Date "2012.03.04"]
[EventDate "2012.03.03"]
[Round "2.44"]
[Result "1-0"]
[White "Dusan Popovic"]
[Black "Andjelija Stojanovic"]
[WhiteElo "2561"]
[BlackElo "2324"]
[PlyCount "67"]

1. e4 d6 2. Nc3 g6 3. f4 Bg7 4. Nf3 Nf6 5. g3 O-O 6. Bg2 c5
7. O-O Nc6 8. d3 Bg4 9. h3 Bxf3 10. Qxf3 Rb8 11. g4 Nd4
12. Qf2 b5 13. Nd1 b4 14. Ne3 a5 15. a4 bxa3 16. Rxa3 Nd7
17. Nc4 Rb5 18. Be3 Nb6 19. c3 Nc6 20. g5 Qb8 21. Ra2 Nxc4
22. dxc4 Rb3 23. e5 Qc8 24. Be4 dxe5 25. f5 Nd4 26. cxd4 exd4
27. Bc1 Rxh3 28. Kg2 Rb3 29. Rh1 Be5 30. Ra3 Bg3 31. Qe2 Rxa3
32. bxa3 Qc7 33. Qf3 Be5 34. Qh3 1-0

[Event "28th Cappelle-la-Grande"]
[Site "Cappelle la Grande FRA"]
[Date "2012.03.08"]
[EventDate "2012.03.03"]
[Round "7.35"]
[Result "1/2-1/2"]
[White "Andjelija Stojanovic"]
[Black "Meelis Kanep"]
[WhiteElo "2324"]
[BlackElo "2516"]
[PlyCount "113"]

1. e4 c5 2. Nf3 Nc6 3. Bb5 g6 4. O-O Bg7 5. c3 Nf6 6. Re1 O-O
7. h3 d5 8. e5 Ne8 9. d4 Nc7 10. Bxc6 bxc6 11. dxc5 Ne6
12. Be3 Qc7 13. Na3 Rb8 14. Qc1 a5 15. Nc2 Ba6 16. a3 Bd3
17. b4 Bxe5 18. Nxe5 Qxe5 19. Nd4 Qc7 20. Qd2 Bc4 21. Nxe6
fxe6 22. Bd4 Qd7 23. Qe3 Rbc8 24. Qe5 Rf6 25. g4 Kf7 26. g5
Rf5 27. Qg7+ Ke8 28. Re5 Kd8 29. Rae1 Rxe5 30. Rxe5 Bd3
31. Qxh7 Kc7 32. Re3 Bf5 33. Qg7 a4 34. Qe5+ Kb7 35. Qg7 Ka6
36. h4 Qc7 37. Be5 Qb7 38. Rg3 Qb5 39. Qxe7 Qe2 40. b5+ Qxb5
41. Qd7 Rf8 42. Re3 Ra8 43. Re2 Ra7 44. Qc8+ Rb7 45. c4 Qb1+
46. Kh2 Ka7 47. Qxc6 Qb3 48. Bg3 Qxc4 49. Rxe6 Bxe6 50. Qxe6
Qxc5 51. Qxg6 d4 52. Qe8 Qc4 53. g6 d3 54. Qe3+ Ka8 55. Qe8+
Ka7 56. Qe3+ Ka8 57. Qe8+ 1/2-1/2

[Event "21st Kavala Open A"]
[Site "Kavala GRE"]
[Date "2012.07.28"]
[EventDate "2012.07.25"]
[Round "5"]
[Result "1-0"]
[White "Nikolaos Galopoulos"]
[Black "Andjelija Stojanovic"]
[WhiteElo "2406"]
[BlackElo "2290"]
[PlyCount "83"]

1. d4 Nf6 2. c4 c5 3. Nf3 cxd4 4. Nxd4 e5 5. Nb5 d5 6. cxd5
Bc5 7. N5c3 O-O 8. g3 Qb6 9. e3 Bg4 10. Be2 Bxe2 11. Qxe2 e4
12. O-O Nbd7 13. a3 Rfe8 14. b4 Bf8 15. Nd2 Rac8 16. Bb2 a5
17. Nc4 Qc7 18. Nxa5 Ne5 19. Kg2 Qd7 20. Rad1 Qf5 21. Nb5 Nf3
22. Bxf6 Qh5 23. Rh1 gxf6 24. Nd4 b6 25. Nac6 Qxd5 26. b5 Bxa3
27. Nxf3 exf3+ 28. Qxf3 Qxf3+ 29. Kxf3 Bc5 30. Ra1 Rc7
31. Rhd1 Kg7 32. Rd5 Kg6 33. Ra4 h6 34. Rg4+ Kh7 35. Re4 Ra8
36. Rf4 Kg7 37. Rdf5 Ra2 38. Rxf6 Rb2 39. Ne5 Rxb5 40. Rxf7+
Rxf7 41. Rxf7+ Kg8 42. Rb7 1-0

[Event "21st Kavala Open A"]
[Site "Kavala GRE"]
[Date "2012.07.31"]
[EventDate "2012.07.25"]
[Round "8"]
[Result "1-0"]
[White "Dejan Antic"]
[Black "Andjelija Stojanovic"]
[WhiteElo "2506"]
[BlackElo "2290"]
[PlyCount "89"]

1. d4 d5 2. Nf3 Nf6 3. c4 c6 4. e3 Bf5 5. Nc3 e6 6. Nh4 Be4
7. f3 Bg6 8. Qb3 Qb6 9. Nxg6 hxg6 10. Bd2 Nbd7 11. O-O-O Qxb3
12. axb3 Bd6 13. h3 O-O-O 14. Kc2 Rhe8 15. Bd3 e5 16. g4 dxc4
17. Bxc4 Re7 18. g5 Ne8 19. Ne4 Nb6 20. Ba5 Red7 21. d5 Nxc4
22. bxc4 Bc7 23. Bxc7 Kxc7 24. Nc3 Nd6 25. c5 Nf5 26. d6+ Kb8
27. Kd3 b6 28. b4 a5 29. Na4 Rb7 30. e4 b5 31. exf5 bxa4
32. bxa5 Rb3+ 33. Kc4 Rxf3 34. Rb1+ Ka7 35. Rb6 Rf4+ 36. Kc3
Rf3+ 37. Kb4 a3 38. fxg6 fxg6 39. Rxc6 Rdf8 40. Rc7+ Ka6
41. Rc6+ Ka7 42. Kb5 a2 43. Rc7+ Kb8 44. Ra1 Ra3 45. a6 1-0

[Event "Chess Olympiad (Women)"]
[Site "Istanbul TUR"]
[Date "2012.08.28"]
[EventDate "?"]
[Round "1.17"]
[Result "1-0"]
[White "Andjelija Stojanovic"]
[Black "Hui Zhu"]
[WhiteElo "2277"]
[BlackElo "1952"]
[PlyCount "87"]

1. c4 e5 2. g3 Nf6 3. Bg2 Be7 4. Nc3 c6 5. Nf3 d6 6. d3 Nbd7
7. O-O O-O 8. a3 a5 9. Rb1 d5 10. cxd5 Nxd5 11. Bd2 Re8
12. Qc2 N5f6 13. b4 axb4 14. axb4 Qc7 15. Rfc1 b5 16. Nxb5 Qb7
17. Qxc6 Qxc6 18. Rxc6 Bb7 19. Rc7 Rab8 20. Na7 Bd8 21. Rcc1
Bb6 22. Nc6 Rbc8 23. Na5 Ba8 24. Nc4 Bc7 25. e4 Rcd8 26. Be3
Nb8 27. b5 Bb7 28. b6 Bd6 29. Nxd6 Rxd6 30. Ne1 Nc6 31. Bc5
Rdd8 32. Bf1 Nb8 33. h3 Nfd7 34. Be3 Nf6 35. Nc2 Nc6 36. Nb4
Nd4 37. Bxd4 Rxd4 38. Nc6 Rd6 39. Na5 Rd7 40. h4 h6 41. Bh3
Rde7 42. Rc7 Rxc7 43. bxc7 Ba6 44. Rb8 1-0

[Event "Chess Olympiad (Women)"]
[Site "Istanbul TUR"]
[Date "2012.08.29"]
[EventDate "2012.08.28"]
[Round "2.11"]
[Result "0-1"]
[White "Gozel Atabayeva"]
[Black "Andjelija Stojanovic"]
[WhiteElo "2076"]
[BlackElo "2277"]
[PlyCount "96"]

1. e4 c5 2. Nf3 Nc6 3. d4 cxd4 4. Nxd4 e5 5. Nb5 d6 6. N1c3 a6
7. Na3 b5 8. Nd5 Nf6 9. Bg5 Be7 10. Bxf6 Bxf6 11. c3 Bg5
12. Nc2 O-O 13. a4 bxa4 14. Rxa4 a5 15. Bc4 Rb8 16. Qa1 Kh8
17. Nce3 Be6 18. O-O g6 19. Kh1 Bh6 20. Qa2 f5 21. exf5 gxf5
22. f4 e4 23. b4 axb4 24. cxb4 Bg7 25. b5 Bxd5 26. Nxd5 Ne7
27. Rb1 Nxd5 28. Bxd5 Qb6 29. Ra6 Qe3 30. g3 Qf3+ 31. Qg2 Qd3
32. Ba2 Rxb5 33. Rxb5 Qxb5 34. Rxd6 e3 35. Rd1 Bc3 36. Qc2 Bd2
37. Rb1 Qa5 38. Qc4 Qa8+ 39. Kg1 Qa7 40. Kf1 e2+ 41. Kxe2 Qe3+
42. Kd1 Bc3 43. Kc2 Qd2+ 44. Kb3 Rb8+ 45. Ka4 Ra8+ 46. Kb3 Bf6
47. Qc2 Rb8+ 48. Ka3 Be7+ 0-1

[Event "Chess Olympiad (Women)"]
[Site "Istanbul TUR"]
[Date "2012.08.30"]
[EventDate "2012.08.28"]
[Round "3.05"]
[Result "1/2-1/2"]
[White "Andjelija Stojanovic"]
[Black "Sabrina Vega Gutierrez"]
[WhiteElo "2277"]
[BlackElo "2355"]
[PlyCount "79"]

1. d4 d5 2. Bf4 Nf6 3. e3 c5 4. Nc3 Bg4 5. Nf3 Nc6 6. Be2 e6
7. O-O Be7 8. Ne5 Bxe2 9. Nxe2 O-O 10. h3 Qb6 11. Rb1 Rfd8
12. c3 Ne4 13. Ng3 Nxg3 14. Bxg3 Nxe5 15. Bxe5 Bd6 16. Bxd6
Qxd6 17. dxc5 Qxc5 18. Qd4 Qa5 19. a3 Rac8 20. Rfd1 Rc4
21. Qe5 Qb6 22. Qh5 a5 23. Qe2 Rdc8 24. Rbc1 g6 25. Rd2 Qc7
26. Rcd1 h5 27. Rd4 Qe5 28. Rxc4 Rxc4 29. Rd4 b5 30. h4 Qf5
31. g3 Qb1+ 32. Kg2 Kg7 33. Qd2 Rxd4 34. cxd4 Qe4+ 35. Kh2 Qf5
36. Kg2 Qe4+ 37. Kh2 Qf3 38. Kg1 Qf5 39. Kg2 Qe4+ 40. Kh2
1/2-1/2

[Event "Chess Olympiad (Women)"]
[Site "Istanbul TUR"]
[Date "2012.09.01"]
[EventDate "2012.08.28"]
[Round "5.02"]
[Result "0-1"]
[White "Andjelija Stojanovic"]
[Black "Margarita Voiska"]
[WhiteElo "2277"]
[BlackElo "2281"]
[PlyCount "110"]

1. d4 d5 2. Bf4 Nf6 3. e3 e6 4. Nf3 c5 5. c3 Nc6 6. Nbd2 Bd6
7. Bg3 O-O 8. Bd3 b6 9. Ne5 Bxe5 10. dxe5 Nd7 11. f4 f5
12. Nf3 a5 13. Bh4 Qe8 14. Qe2 Ndb8 15. Rg1 Ba6 16. g4 Bxd3
17. Qxd3 Nd7 18. gxf5 Rxf5 19. O-O-O Qh5 20. Qb5 Rc8 21. Rg3
Qe8 22. Rdg1 g6 23. Bg5 c4 24. Nd4 Nxd4 25. exd4 Rb8 26. Qc6
Nf6 27. Qxe8+ Nxe8 28. Kc2 Ng7 29. Rg4 Rf7 30. Bf6 Nh5 31. Bg5
Rfb7 32. Rh4 Kf7 33. Re1 Re8 34. Rf1 b5 35. f5 exf5 36. Bc1
Ke6 37. Bd2 b4 38. Bc1 b3+ 39. Kb1 bxa2+ 40. Kxa2 Reb8 41. Rh3
a4 42. Rf2 Rf7 43. Rh4 f4 44. Rf3 Rbf8 45. Ka3 Kf5 46. Bd2 Kg5
47. Be1 Rb7 48. h3 Rfb8 49. Rg4+ Kf5 50. Rg2 Rb3+ 51. Ka2 a3
52. Rff2 Rxb2+ 53. Rxb2 Rxb2+ 54. Rxb2 axb2 55. Kxb2 f3 0-1

[Event "Chess Olympiad (Women)"]
[Site "Istanbul TUR"]
[Date "2012.09.04"]
[EventDate "2012.08.28"]
[Round "7.04"]
[Result "1-0"]
[White "Andjelija Stojanovic"]
[Black "Thi Nhu Y Hoang"]
[WhiteElo "2277"]
[BlackElo "2228"]
[PlyCount "57"]

1. d4 d5 2. Bf4 Nf6 3. e3 c5 4. dxc5 Qa5+ 5. Nc3 e6 6. a3 Qxc5
7. Nb5 Na6 8. b4 Qb6 9. Nf3 Be7 10. Be5 Qd8 11. c4 O-O 12. Rc1
Nd7 13. Bd4 b6 14. cxd5 exd5 15. Bd3 Bb7 16. O-O Nf6 17. Ne5
h6 18. Bb1 Qe8 19. Ng4 Ne4 20. Bxe4 dxe4 21. Nd6 Bxd6
22. Nxh6+ Kh7 23. Nf5 Bxh2+ 24. Kxh2 f6 25. Rh1 Bc8 26. Rxc8
Rxc8 27. Kg3+ Kg8 28. Qb3+ Qf7 29. Ne7# 1-0

[Event "Chess Olympiad (Women)"]
[Site "Istanbul TUR"]
[Date "2012.09.05"]
[EventDate "2012.08.28"]
[Round "8.6"]
[Result "1/2-1/2"]
[White "Bela Khotenashvili"]
[Black "Andjelija Stojanovic"]
[WhiteElo "2509"]
[BlackElo "2277"]
[PlyCount "71"]

1. Nf3 d6 2. d4 g6 3. c4 Bg7 4. g3 Nd7 5. Bg2 e5 6. Nc3 Ne7
7. O-O O-O 8. e3 Nf5 9. b3 Re8 10. Bb2 exd4 11. Nxd4 Nxd4
12. exd4 Nf6 13. Qd2 c6 14. d5 c5 15. Rfe1 Bf5 16. Rxe8+ Qxe8
17. h3 h5 18. Nb5 Qf8 19. Qf4 Rd8 20. Nxa7 Nxd5 21. Qd2 Nb4
22. Bxg7 Qxg7 23. Rf1 Qd4 24. Rd1 Qxd2 25. Rxd2 Ra8 26. Nb5
Rxa2 27. Rxa2 Nxa2 28. Nxd6 b6 29. Nxf5 gxf5 30. Bf3 Nc1
31. Bd1 Kg7 32. Kg2 f4 33. gxf4 h4 34. Kf3 f5 35. Ke3 Na2
36. Bf3 1/2-1/2

[Event "Chess Olympiad (Women)"]
[Site "Istanbul TUR"]
[Date "2012.09.06"]
[EventDate "2012.08.28"]
[Round "9.8"]
[Result "0-1"]
[White "Andjelija Stojanovic"]
[Black "Marsel Efroimski"]
[WhiteElo "2277"]
[BlackElo "2174"]
[PlyCount "72"]

1. Nf3 Nf6 2. g3 g6 3. Bg2 Bg7 4. O-O d5 5. d3 O-O 6. Nbd2 c5
7. e4 e6 8. Re1 Nc6 9. c3 Nd7 10. Nf1 d4 11. c4 h6 12. h3 f5
13. exf5 exf5 14. Bf4 g5 15. Bd6 Rf6 16. Be5 Ndxe5 17. Nxe5
Ne7 18. f4 gxf4 19. gxf4 Ng6 20. Nxg6 Rxg6 21. Qh5 Kh7 22. Kh2
Qd6 23. Qh4 Bf6 24. Qf2 Bd7 25. Bxb7 Rb8 26. Bd5 Bg5 27. Kh1
Bxf4 28. Re2 Bc6 29. Qf3 Rbg8 30. Nh2 Rg3 31. Bxc6 Rxf3
32. Bxf3 Rg3 33. Rae1 Rxh3 34. Re7+ Kh8 35. R7e6 Rxh2+ 36. Kg1
Be3+ 0-1

[Event "Chess Olympiad (Women)"]
[Site "Istanbul TUR"]
[Date "2012.09.07"]
[EventDate "2012.08.28"]
[Round "10.15"]
[Result "1/2-1/2"]
[White "Andjelija Stojanovic"]
[Black "Beatriz Irene Franco Valencia"]
[WhiteElo "2277"]
[BlackElo "2253"]
[PlyCount "60"]

1. e4 c6 2. d3 d5 3. Nd2 Nd7 4. Ngf3 Qc7 5. g3 g6 6. Bg2 Bg7
7. O-O Ngf6 8. Re1 dxe4 9. dxe4 O-O 10. Qe2 e5 11. b4 Re8
12. Bb2 Nb6 13. a4 a5 14. bxa5 Rxa5 15. Nc4 Nxc4 16. Qxc4 Bg4
17. Bc3 Raa8 18. a5 Nd7 19. Reb1 Reb8 20. Ng5 Nf8 21. h3 Be6
22. Qb4 h6 23. Nxe6 Nxe6 24. Bf1 Nd4 25. Bxd4 exd4 26. Bd3 Qd8
27. Qb6 Bf6 28. Kg2 Qd6 29. Ra4 g5 30. Qb4 Qe5 1/2-1/2